000 00592nam a2200181Ia 4500
005 20250423100511.0
008 250422s9999 xx 000 0 und d
020 _a9781259834301
050 _aTN 870.57 .S26/
100 _a Sanjay Srinivasan and Julianna Y. Leung.
245 0 _aPetroleum reservoir modeling and simulation : geology, geostatistics, and performance prediction
260 _aNew York
260 _bMcGraw Hill
260 _c2022
300 _a452 p
650 _a Oil reservoir engineering--Mathematical models. Petroleum--Geology--Mathematical models.
942 _cBK
999 _c33496
_d33496